| 000 | 00439nam a2200157 a 4500 | ||
|---|---|---|---|
| 005 | 20140412111324.0 | ||
| 008 | 000821s19uu xx 00 eng d | ||
| 020 | _a1-56293-149-0 | ||
| 050 |
_aER _bSh1 1995 |
||
| 245 |
_aShapes : _blearn a round / _cillustrated by Sue Cony. |
||
| 260 |
_aNew York : _bMcClanahan Book Comp., Inc, _c1991. |
||
| 300 | _a1 v. (unp.) ; ill. | ||
| 440 | _alearn a round | ||
| 650 | _aShapes | ||
| 999 |
_c104486 _d104486 |
||